000 00609nam a2200229Ia 4500
003 OSt
005 20220923225648.0
006 a|||||r|||| 00| 0
007 ta
008 220922b |||||||| |||| 00| 0 snd d
024 _a273,180
037 _cTextual
040 _aARTS
_cARTS
_bsnd
041 _2snd
_asnd
082 _aO1593,1NMOx, [L6]
100 _aमोतीराम
_9156280
245 0 _aमोती गीत माला
246 _aMotī gīt mālā
260 _c1966
942 _hO1593,1NMOx, [L6]
_cTEXL
_2CC
999 _c379735
_d379735